Joy of cooking / Irma S. Rombauer, Marion Rombauer ... Read More
Available copies
- 2 of 3 copies available at LARL/NWRL Consortium.
Current holds
0 current holds with 3 total copies.
View other formats and editions
Show All Copies
| Location | Call Number / Copy Notes | Barcode | Shelving Location | Status | Due Date |
|---|---|---|---|---|---|
| Detroit Lakes Public Library | 641.5973 ROM (Text) | 33500013160031 | Main | Available | - |
| McIntosh Public Library | 641.5973 ROM (Text) | 33500013160049 | Main | Available | - |
Record details
- ISBN: 9781501169717
- ISBN: 1501169718
- Physical Description: xliv, 1156 pages : illustrations ; 24 cm
- Edition: Revised and updated.
- Publisher: New York : Scribner, 2019.
Content descriptions
| General Note: | "600 new recipes, more than 4,000 favorites." -- cover. |
| Bibliography, etc. Note: | Includes bibliographical references (pages ... Read More |
| Formatted Contents Note: | Introduction to the 2019 edition -- Getting ... Read More |
| Summary, etc.: | In the nearly ninety years since Joy of Cooking ... Read More |
Search for related items by subject
| Subject: | Cooking, American. COOKING / Courses & Dishes / General. COOKING / Methods / General. |
| Genre: | Cookbooks. Cookbooks. Recipes. |
| LDR | 03146cam a2200493Ii 4500 | ||
|---|---|---|---|
| 001 | 321745 | ||
| 003 | LARL_NWRL_CONSORTIUM | ||
| 005 | 20191113173740.0 | ||
| 008 | 191031s2019 nyua b 001 0 eng d | ||
| 010 | . | ‡a 2019943735 | |
| 040 | . | ‡aNjBwBT ‡beng ‡erda ‡cFMG ‡dFMG ‡dOCLCO ‡dOCLCQ ‡dTCH ‡dLEB ‡dOQX ‡dUAP ‡dOCLCO ‡dUAP ‡dILC ‡dHQD | |
| 020 | . | ‡a9781501169717 ‡q(hardcover) | |
| 020 | . | ‡a1501169718 ‡q(hardcover) | |
| 035 | . | ‡a(OCoLC)1125948404 | |
| 082 | 0 | 4. | ‡a641.5973 ‡223 |
| 100 | 1 | . | ‡aRombauer, Irma S., ‡d1877-1962, ‡eauthor. |
| 245 | 1 | 0. | ‡aJoy of cooking / ‡cIrma S. Rombauer, Marion Rombauer Becker, Ethan Becker, John Becker, Megan Scott ; illustrations by John Norton ; papercuts by Anna Brones. |
| 250 | . | ‡aRevised and updated. | |
| 250 | . | ‡aScribner hardcover edition. | |
| 264 | 1. | ‡aNew York : ‡bScribner, ‡c2019. | |
| 300 | . | ‡axliv, 1156 pages : ‡billustrations ; ‡c24 cm | |
| 336 | . | ‡atext ‡btxt ‡2rdacontent | |
| 336 | . | ‡astill image ‡bsti ‡2rdacontent | |
| 337 | . | ‡aunmediated ‡bn ‡2rdamedia | |
| 338 | . | ‡avolume ‡bnc ‡2rdacarrier | |
| 500 | . | ‡a"600 new recipes, more than 4,000 favorites." -- cover. | |
| 504 | . | ‡aIncludes bibliographical references (pages [1077]-1080) and index. | |
| 505 | 0 | . | ‡aIntroduction to the 2019 edition -- Getting started -- Nutrition and food safety -- Entertaining and menus -- Streamlined cooking -- Beverages -- Cocktails, wine, and beer -- Appetizers and hors d'oeuvre -- Stocks and soups -- Salads -- Sandwiches, tacos, and burritos -- Egg dishes -- Fruits -- Vegetables -- Pasta, noodles, and dumplings -- Grains -- Shellfish -- Fish -- Poultry and wildfowl -- Meat -- Game and exotic meats -- Stuffings and casseroles -- Savory sauces, salad dressings, marinades, and seasoning blends -- Breads and coffee cakes -- Pancakes, waffles, doughnuts, and fritters -- Pies and pastries -- Cakes and cupcakes -- Cookies and bars -- Icings, fillings, frostings, and sweet sauces -- Desserts -- Ice cream and frozen desserts -- Candies and confections -- Keeping and storing food -- Canning -- James, jellies, and preserves -- Pickles -- Salting, drying, and fermenting -- Know your ingredients -- Cooking methods and techniques. |
| 520 | . | ‡aIn the nearly ninety years since Joy of Cooking was first published in 1931, it has become the kitchen bible. This new edition contains tried-and-true favorites, while introducing new dishes, modern cooking techniques, and comprehensive information on ingredients now available at farmers' markets and grocery stores. -- adapted from jacket | |
| 650 | 0. | ‡aCooking, American. ‡0(LARL_NWRL_CONSORTIUM)17597 | |
| 650 | 7. | ‡aCOOKING / Courses & Dishes / General. ‡2bisacsh | |
| 650 | 7. | ‡aCOOKING / Methods / General. ‡2bisacsh | |
| 655 | 0. | ‡aCookbooks. ‡0(LARL_NWRL_CONSORTIUM)175846 | |
| 655 | 7. | ‡aCookbooks. ‡2lcgft ‡0(LARL_NWRL_CONSORTIUM)175846 | |
| 655 | 7. | ‡aRecipes. ‡2lcgft | |
| 700 | 1 | . | ‡aBecker, Marion Rombauer, ‡eauthor. ‡0(LARL_NWRL_CONSORTIUM)46323 |
| 700 | 1 | . | ‡aBecker, Ethan, ‡d1945- ‡eauthor. ‡0(LARL_NWRL_CONSORTIUM)121633 |
| 700 | 1 | . | ‡aBecker, John ‡c(Food writer), ‡eauthor. |
| 700 | 1 | . | ‡aScott, Megan ‡c(Food writer), ‡eauthor. |
| 700 | 1 | . | ‡aNorton, John, ‡d1960- ‡eillustrator. |
| 700 | 1 | . | ‡aBrones, Anna, ‡eillustrator. |
| 901 | . | ‡a321745 ‡bOCoLC ‡c321745 ‡tbiblio ‡soclc | |

Add to basket
Permalink
Disable Highlighting